| 000 | 00569nam a2200217Ia 4500 | ||
|---|---|---|---|
| 003 | LK-CoDNM | ||
| 005 | 20240828102553.0 | ||
| 008 | 010623t1939 xxu||||| |||| 00| 1 eng d | ||
| 040 |
_aLK-CoDNM _dLK-CoDNM _eLK-CoDNM |
||
| 041 | _aeng | ||
| 080 |
_a22 _bR10 |
||
| 100 | _aHartog,Philip | ||
| 245 | _aSome Aspects of Indian Education Past Present | ||
| 260 |
_bOxford University Press _aLondon _c1939 |
||
| 300 | _bXIV, 109P. : 24 cm | ||
| 650 | _aEducation | ||
| 650 | _aMuslim Education | ||
| 650 | _aPrimary | ||
| 650 | _aSecondary Education | ||
| 942 | _cBK | ||
| 999 |
_c99262 _d99262 |
||